Les feuillus de la forêt lorraine - Statistiques

Statistiques générales
  • Ce quiz a été pris 59 fois
  • Le résultat moyen est 15 sur 29
Statistiques - réponses
Par images Réponse % Correct
Aubépine
72%
Charme
72%
Chêne sessile
72%
Hêtre
72%
Robinier
72%
Chêne pédonculé
67%
Erable sycomore
61%
Noisetier
61%
Prunellier
61%
Cornouiller mâle
56%
Cornouiller sanguin
56%
Erable champêtre
56%
Aulne glutineux
50%
Fusain d'europe
50%
Orme champêtre
50%
Sorbier des oiseleurs
50%
Sureau noir
50%
Chêne des marais
44%
Erable platane
44%
Frêne Commun
44%
Orme de montagne
44%
Saule marsault
44%
Troène
44%
Alisier torminal
39%
Camerisier à balais
39%
Clématite vigne blanche
39%
Viorne lantane
39%
Alisier Blanc
33%
Merisier
33%
Aucun quiz correspondant
Distribution des résultats
% des personnes avec chaque résultat
Percentile par nombre de réponses
Votre historique - résultats
Vous n’avez pas pris ce quiz